000 00460nam a2200169Ia 4500
008 240729s9999 xx 000 0 und d
022 _a2588-2589
245 0 _aJournal of Genetic Resources
260 _aIran, Islamic Republic of
260 _bUniversity of Mazandaran
650 _a Biology (General)
650 _a Genetics
650 _aScience
856 _uhttps://doaj.org/toc/01c717ad52774eb5a8dd891573e58562
942 _2ddc
942 _cDOAJEJ
999 _c69294
_d69294
945 _a1
_bMadushi Gamage
_c1
_dMadushi Gamage